|
|
|
|
| LEADER |
00859nam a2200241 a 4500 |
| 001 |
2312871 |
| 008 |
100330s1980 ii af 001 0aeng d |
| 010 |
|
|
|a 80901891
|
| 020 |
|
|
|a 0706910842
|
| 040 |
|
|
|a DLC
|c DLC
|d DLC
|
| 082 |
0 |
0 |
|a 951.05/7
|2 19
|
| 100 |
1 |
|
|a Moudud, Hasna Jasimuddin,
|d 1946-
|
| 245 |
1 |
0 |
|a Women in China /
|c Hasna Jasimuddin Moudud.
|
| 260 |
|
|
|a New Delhi :
|b Vikas,
|c c1980.
|
| 300 |
|
|
|a 94 p., [2] leaves of plates :
|b ill. ;
|c 23 cm.
|
| 500 |
|
|
|a Includes index.
|
| 541 |
1 |
|
|e 00000556
|
| 651 |
|
0 |
|a China
|x Description and travel.
|
| 650 |
|
0 |
|a Women
|z China.
|
| 600 |
1 |
0 |
|a Moudud, Hasna Jasimuddin,
|d 1946-
|
| 852 |
4 |
|
|a Ayesha Abed Library
|j General shelf
|
| 999 |
|
|
|c 7954
|d 7954
|
| 952 |
|
|
|0 0
|1 0
|2 ddc
|4 0
|6 951_057000000000000_MOU_1980
|7 0
|9 8952
|a BRACUL
|b BRACUL
|c GEN
|d 2010-04-04
|g 145.00
|l 0
|o 951.057 MOU
|p 3010000556
|r 2010-04-04
|t 1
|w 2010-04-04
|y BK
|